[Event "SV Worms 1878 I-SC Remagen-Sinzig I"]
[Site "?"]
[Date "2017.11.26"]
[Round "5.7"]
[White "Den Boer, Lennard"]
[Black "Dauenheimer, Torsten"]
[Result "1-0"]
[WhiteElo "2098"]
[BlackElo "2216"]
[PlyCount "37"]
[EventDate "2017.??.??"]
[WhiteTeam "SC Remagen-Sinzig I"]
[BlackTeam "SV Worms 1878 I"]

1. e4 e6 2. d4 d5 3. e5 c5 4. c3 Nc6 5. Nf3 Bd7 6. a3 Nge7 7. b4 cxd4 8. cxd4
Nf5 9. Bb2 Qb6 10. g4 Nfe7 11. Nc3 h5 12. Rg1 hxg4 13. Rxg4 Nf5 14. Rc1 Qd8 15.
Bd3 Nh4 16. Nb5 Rc8 17. Nxh4 Rxh4 18. Qf3 a6 19. Rxg7 1-0

[Event "SV Worms 1878 I-SC Remagen-Sinzig I"]
[Site "?"]
[Date "2017.11.26"]
[Round "5.8"]
[White "Martin, Mike"]
[Black "Van Nieuwenhuizen, Hans"]
[Result "1-0"]
[WhiteElo "2132"]
[BlackElo "1853"]
[PlyCount "69"]
[EventDate "2017.??.??"]
[WhiteTeam "SV Worms 1878 I"]
[BlackTeam "SC Remagen-Sinzig I"]

1. e4 e5 2. Nf3 Nf6 3. Nxe5 d6 4. Nc4 Nxe4 5. Nc3 Nf6 6. Ne3 d5 7. d4 c6 8. Bd3
g6 9. Qe2 Qe7 10. O-O Bg7 11. Re1 Be6 12. f4 O-O 13. Bd2 Ne4 14. Nxe4 dxe4 15.
Bxe4 Bxd4 16. c3 Bg7 17. Bc2 Qc5 18. f5 Bxf5 19. b4 Qb5 20. c4 Qe5 21. Bxf5
gxf5 22. Qh5 Qd4 23. Rad1 f4 24. Bc1 Qb6 25. c5 Qxb4 26. Nf5 Nd7 27. Qg4 Qc3
28. Re2 Kh8 29. Bb2 Qxc5+ 30. Rd4 Bf6 31. Kf1 Rg8 32. Qxf4 Rad8 33. Nd6 Rdf8
34. Ne4 Qe5 35. Nxf6 1-0

[Event "SK Landau I-SVG Saarbrücken I"]
[Site "?"]
[Date "2017.11.26"]
[Round "5.1"]
[White "Mohammad, Samir"]
[Black "Lang, Torsten"]
[Result "0-1"]
[WhiteElo "2352"]
[BlackElo "2327"]
[PlyCount "98"]
[EventDate "2017.??.??"]
[WhiteTeam "SVG Saarbrücken I"]
[BlackTeam "SK Landau I"]

1. d4 Nf6 2. c4 g6 3. Nc3 Bg7 4. e4 d6 5. Nf3 O-O 6. h3 e5 7. d5 a5 8. Bg5 Qe8
9. Qd2 Na6 10. Bd3 Nh5 11. g4 Nf4 12. Bxf4 exf4 13. O-O-O a4 14. Bc2 Bd7 15.
Rhe1 Nc5 16. Nd4 Qe5 17. f3 Rfb8 18. Qe2 Ra6 19. a3 Qe8 20. Kb1 Qd8 21. Na2 Be5
22. Nb4 Rb6 23. Qf2 Qf6 24. h4 Na6 25. g5 Qg7 26. Qd2 Nxb4 27. axb4 Bxd4 28.
Qxd4 Rxb4 29. Qxg7+ Kxg7 30. e5 Rxc4 31. exd6 cxd6 32. Re7 Rd8 33. h5 Kf8 34.
Re2 Re8 35. Rh2 Re5 36. hxg6 hxg6 37. Rh8+ Ke7 38. Rb8 b5 39. Rb7 Rxg5 40. Bd3
Rc5 41. Rh1 Rgxd5 42. Bxg6 fxg6 43. Rh7+ Kf6 44. Rbxd7 Rd1+ 45. Ka2 b4 46.
Rhf7+ Kg5 47. Ra7 Rb5 48. b3 Rd2+ 49. Kb1 Re5 0-1

[Event "SK Landau I-SVG Saarbrücken I"]
[Site "?"]
[Date "2017.11.26"]
[Round "5.2"]
[White "Bärwinkel, Tobias"]
[Black "Philippe, Christophe"]
[Result "1/2-1/2"]
[WhiteElo "2360"]
[BlackElo "2380"]
[PlyCount "45"]
[EventDate "2017.??.??"]
[WhiteTeam "SK Landau I"]
[BlackTeam "SVG Saarbrücken I"]

1. Nf3 f5 2. d3 Nc6 3. d4 e6 4. c4 Nf6 5. a3 d6 6. b4 Be7 7. Bb2 O-O 8. e3 Qe8
9. Nc3 Bd8 10. Be2 e5 11. dxe5 dxe5 12. O-O e4 13. Nd4 Ne5 14. c5 c6 15. f4
exf3 16. Bxf3 Bc7 17. Qb3+ Kh8 18. Rae1 Qg6 19. Nce2 Qh6 20. h3 Bd7 21. Nf4 Qh4
22. Rd1 Qg3 23. Nde2 1/2-1/2

[Event "SK Landau I-SVG Saarbrücken I"]
[Site "?"]
[Date "2017.11.26"]
[Round "5.3"]
[White "Bastian, Herbert"]
[Black "Muranyi, Karl-Jasmin"]
[Result "1/2-1/2"]
[WhiteElo "2294"]
[BlackElo "2330"]
[PlyCount "38"]
[EventDate "2017.??.??"]
[WhiteTeam "SVG Saarbrücken I"]
[BlackTeam "SK Landau I"]

1. e4 c6 2. d4 d5 3. exd5 cxd5 4. c4 Nf6 5. Nc3 e6 6. Nf3 Nc6 7. cxd5 Nxd5 8.
Bd3 Be7 9. O-O Bf6 10. Be4 Nce7 11. Qd3 h6 12. Ne5 O-O 13. Ng4 Qb6 14. Rd1 Rd8
15. Nxh6+ gxh6 16. Bxh6 Nf5 17. Nxd5 Rxd5 18. Bxd5 exd5 19. Be3 Bd7 1/2-1/2

[Event "SK Landau I-SVG Saarbrücken I"]
[Site "?"]
[Date "2017.11.26"]
[Round "5.4"]
[White "Silber, Henning"]
[Black "Le Corre, Benjamin"]
[Result "1-0"]
[WhiteElo "2301"]
[BlackElo "2264"]
[PlyCount "95"]
[EventDate "2017.??.??"]
[WhiteTeam "SK Landau I"]
[BlackTeam "SVG Saarbrücken I"]

1. e4 e6 2. d4 d5 3. Nd2 Nc6 4. c3 e5 5. exd5 Qxd5 6. Ngf3 exd4 7. Bc4 Qh5 8.
cxd4 Bd6 9. d5 Ne5 10. O-O Bg4 11. Qa4+ Kf8 12. Nxe5 Qxe5 13. g3 Nf6 14. Bb3
Bh3 15. Qh4 Bxf1 16. Nxf1 Qe1 17. Qxf6 Qxf1+ 18. Kxf1 gxf6 19. Bh6+ Kg8 20. Rc1
Re8 21. Rc4 f5 22. Bc2 f6 23. Bxf5 Kf7 24. Rg4 Re7 25. Be6+ Ke8 26. Bg7 Rxe6
27. Bxh8 Re5 28. Bxf6 Rxd5 29. Bc3 h5 30. Rg7 b5 31. a3 a6 32. h4 c5 33. Rb7
Be7 34. Rb6 Rd6 35. Rxd6 Bxd6 36. Ke2 Kf7 37. Kf3 Ke6 38. g4 hxg4+ 39. Kxg4 b4
40. axb4 cxb4 41. Bd4 a5 42. h5 Bf8 43. Kg5 a4 44. h6 Bxh6+ 45. Kxh6 Kd5 46.
Bg7 Ke4 47. Bf8 a3 48. bxa3 1-0

[Event "SK Landau I-SVG Saarbrücken I"]
[Site "?"]
[Date "2017.11.26"]
[Round "5.5"]
[White "Spielmann, Alain"]
[Black "Bernhardt, Rolf"]
[Result "1-0"]
[WhiteElo "2212"]
[BlackElo "2247"]
[PlyCount "45"]
[EventDate "2017.??.??"]
[WhiteTeam "SVG Saarbrücken I"]
[BlackTeam "SK Landau I"]

1. d4 f5 2. c4 Nf6 3. Nc3 d6 4. Bg5 Nbd7 5. Qc2 g6 6. e4 fxe4 7. Nxe4 Bg7 8.
O-O-O O-O 9. Ng3 c6 10. Nf3 Qa5 11. Kb1 e5 12. h4 exd4 13. h5 Ne5 14. Bd2 Qc5
15. hxg6 d3 16. gxh7+ Kh8 17. Bxd3 Nxf3 18. gxf3 Qxf2 19. Rdg1 d5 20. Bf5 dxc4
21. Bxc8 Raxc8 22. Nf5 Rcd8 23. Ne7 1-0

[Event "SK Landau I-SVG Saarbrücken I"]
[Site "?"]
[Date "2017.11.26"]
[Round "5.6"]
[White "Vogel, Johannes"]
[Black "Busche, Stefan"]
[Result "1-0"]
[WhiteElo "2124"]
[BlackElo "2046"]
[PlyCount "79"]
[EventDate "2017.??.??"]
[WhiteTeam "SK Landau I"]
[BlackTeam "SVG Saarbrücken I"]

1. e4 c5 2. Nf3 e6 3. g3 Nc6 4. Bg2 Nf6 5. Qe2 d6 6. O-O Be7 7. c3 O-O 8. d4
cxd4 9. cxd4 d5 10. e5 Ne4 11. Be3 f6 12. exf6 Bxf6 13. Nc3 Nd6 14. Rad1 Nf5
15. Rfe1 Bd7 16. h4 Nxe3 17. Qxe3 Re8 18. Qd2 Qa5 19. a3 Rad8 20. Qc1 b5 21. b4
Qb6 22. Qd2 a5 23. Ne2 axb4 24. axb4 Qc7 25. Nf4 Qd6 26. Rb1 Ra8 27. Bf1 Ne7
28. Nd3 Nf5 29. Nc5 Ra3 30. Ne5 Bxe5 31. Rxe5 Qc7 32. Bh3 g6 33. Rbe1 Ng7 34.
h5 Nxh5 35. Nxd7 Qxd7 36. Rxe6 Rea8 37. Rxg6+ Qg7 38. Be6+ Kh8 39. Rxg7 Nxg7
40. Bxd5 1-0

[Event "SK Landau I-SVG Saarbrücken I"]
[Site "?"]
[Date "2017.11.26"]
[Round "5.7"]
[White "Pernutz, Hans-Gerhard"]
[Black "Lang, Matthias"]
[Result "1/2-1/2"]
[WhiteElo "2092"]
[BlackElo "2158"]
[PlyCount "47"]
[EventDate "2017.??.??"]
[WhiteTeam "SVG Saarbrücken I-SK Landau I"]

1. e4 c5 2. Nf3 Nc6 3. d4 cxd4 4. Nxd4 Nf6 5. Nc3 e5 6. Ndb5 d6 7. Bg5 a6 8.
Na3 b5 9. Bxf6 gxf6 10. Nd5 Bg7 11. Bd3 Ne7 12. Nxe7 Qxe7 13. O-O O-O 14. c4 f5
15. cxb5 d5 16. exd5 e4 17. Qe2 Qb4 18. Bc4 Qxb2 19. Nc2 axb5 20. Rab1 Qe5 21.
Bb3 f4 22. Rfe1 Re8 23. Rbd1 Ra6 24. d6 1/2-1/2

[Event "SK Landau I-SVG Saarbrücken I"]
[Site "?"]
[Date "2017.11.26"]
[Round "5.8"]
[White "Möldner, Jürgen"]
[Black "Biehl, Tim"]
[Result "1/2-1/2"]
[WhiteElo "2202"]
[BlackElo "1985"]
[PlyCount "90"]
[EventDate "2017.??.??"]
[WhiteTeam "SK Landau I"]
[BlackTeam "SVG Saarbrücken I"]

1. e4 e6 2. d4 d5 3. Nd2 Nf6 4. e5 Nfd7 5. Bd3 c5 6. c3 Nc6 7. Ne2 cxd4 8. cxd4
f6 9. exf6 Nxf6 10. Nf3 Bd6 11. O-O Qc7 12. Bg5 O-O 13. Bh4 Nh5 14. Qc2 h6 15.
Bh7+ Kh8 16. Bg6 Rxf3 17. Bxh5 Rf8 18. Bg3 Bd7 19. Rac1 e5 20. dxe5 Bxe5 21.
Qd2 Bxg3 22. hxg3 Qe5 23. Bf3 d4 24. b4 d3 25. Nf4 Bf5 26. Bxc6 bxc6 27. Rxc6
Qe4 28. Rfc1 Rfd8 29. Nh5 Bg6 30. Nxg7 Kxg7 31. Rc7+ Bf7 32. Re1 Qg6 33. Ree7
Rf8 34. Rcd7 Rae8 35. Rxe8 Rxe8 36. Rxd3 Bxa2 37. Ra3 Bf7 38. Rxa7 Qf6 39. Rd7
Qa1+ 40. Kh2 Re1 41. g4 Rh1+ 42. Kg3 Qe5+ 43. f4 Qf6 44. Qd4 Qxd4 45. Rxd4 Rb1
1/2-1/2

[Event "Caissa Schwarzenbach I-Turm Illingen I"]
[Site "Schwarzenbach GER"]
[Date "2017.11.26"]
[Round "5.1"]
[White "Mayer, Frank"]
[Black "Frischmann, Rick"]
[Result "1/2-1/2"]
[WhiteElo "2310"]
[BlackElo "2306"]
[PlyCount "41"]
[EventDate "2017.11.26"]
[WhiteTeam "Turm Illingen I"]
[BlackTeam "Caissa Schwarzenbach I"]

1. c4 e5 2. e3 Nf6 3. a3 c6 4. d4 exd4 5. exd4 d5 6. Nc3 Be7 7. Bd3 dxc4 8.
Bxc4 Nbd7 9. Nf3 Nb6 10. Ba2 O-O 11. Qd3 Nbd5 12. O-O Re8 13. Re1 g6 14. Ne5
Be6 15. Nxg6 hxg6 16. Rxe6 fxe6 17. Qxg6+ Kh8 18. Nxd5 exd5 19. Qh6+ Kg8 20.
Qg6+ Kh8 21. Qh6+ 1/2-1/2

[Event "Caissa Schwarzenbach I-Turm Illingen I"]
[Site "Schwarzenbach GER"]
[Date "2017.11.26"]
[Round "5.2"]
[White "Fries, Frederik"]
[Black "Klein, Joachim"]
[Result "1-0"]
[WhiteElo "2297"]
[BlackElo "2170"]
[PlyCount "65"]
[EventDate "2017.11.26"]
[WhiteTeam "Caissa Schwarzenbach I"]
[BlackTeam "Turm Illingen I"]

1. Nf3 d6 2. d4 Bg4 3. c4 Bxf3 4. exf3 c6 5. d5 Nf6 6. Nc3 g6 7. Be2 Nbd7 8.
O-O Bg7 9. Be3 c5 10. Qd2 O-O 11. a3 Ne8 12. b4 a5 13. b5 Nb6 14. Rad1 f5 15.
f4 Nf6 16. Qc2 Rf7 17. Rfe1 h5 18. Bc1 Kh7 19. Bd3 Qh8 20. Re6 Ne8 21. Nb1 Nc7
22. Re2 Qf8 23. Nd2 Nd7 24. Nf3 Bh6 25. Rde1 b6 26. g3 Re8 27. Bb2 Qg8 28. h4
Nf8 29. Ng5+ Bxg5 30. hxg5 e6 31. Kg2 Rd7 32. g4 fxg4 33. Rh1 1-0

[Event "Caissa Schwarzenbach I-Turm Illingen I"]
[Site "Schwarzenbach GER"]
[Date "2017.11.26"]
[Round "5.3"]
[White "Giese, Tilman"]
[Black "Wild, Achim"]
[Result "0-1"]
[WhiteElo "2040"]
[BlackElo "2275"]
[PlyCount "88"]
[EventDate "2017.11.26"]
[WhiteTeam "Turm Illingen I"]
[BlackTeam "Caissa Schwarzenbach I"]

1. e4 e5 2. Nf3 d6 3. d4 exd4 4. Nxd4 Nf6 5. Nc3 Be7 6. Bd3 Nc6 7. Nxc6 bxc6 8.
O-O O-O 9. Qe2 Re8 10. Bf4 Nd7 11. Ba6 Bf6 12. Bxc8 Qxc8 13. Rfe1 Rb8 14. Rab1
Rxb2 15. Rxb2 Bxc3 16. Rb3 Bxe1 17. Qxe1 Nc5 18. Re3 Qg4 19. Bg3 Rxe4 20. Qb1
Qc8 21. Ra3 Qb7 22. Qf1 h6 23. f3 Rb4 24. Qe2 Rb1+ 25. Kf2 Qb2 26. Qe8+ Kh7 27.
Re3 Qxc2+ 28. Re2 Qd1 29. Bf4 Nd3+ 30. Kg3 Nxf4 31. Kxf4 Qc1+ 32. Kg3 Qg5+ 33.
Kh3 Rb4 34. g3 Qf5+ 35. Kg2 Rc4 36. g4 Qf4 37. Qb8 Rc3 38. Rf2 d5 39. Qxa7 d4
40. Qa4 c5 41. Qd1 c4 42. Qb1+ d3 43. a4 Rc1 44. Qb4 c5 0-1

[Event "Caissa Schwarzenbach I-Turm Illingen I"]
[Site "Schwarzenbach GER"]
[Date "2017.11.26"]
[Round "5.4"]
[White "Czybik, Nils-Patrick"]
[Black "Biehler, Thomas"]
[Result "1/2-1/2"]
[WhiteElo "2169"]
[BlackElo "2213"]
[PlyCount "28"]
[EventDate "2017.11.26"]
[WhiteTeam "Caissa Schwarzenbach I"]
[BlackTeam "Turm Illingen I"]

1. Nf3 Nf6 2. c4 e6 3. g3 d5 4. d4 Be7 5. Bg2 O-O 6. O-O dxc4 7. Qc2 a6 8. a4
Bd7 9. Qxc4 Bc6 10. Bf4 a5 11. Nc3 Na6 12. Rae1 Nd7 13. e4 Nb6 14. Qb3 Bb4
1/2-1/2

[Event "Caissa Schwarzenbach I-Turm Illingen I"]
[Site "Schwarzenbach GER"]
[Date "2017.11.26"]
[Round "5.5"]
[White "Schmidt, Johannes"]
[Black "Holle, Cedric"]
[Result "1-0"]
[WhiteElo "2164"]
[BlackElo "2096"]
[PlyCount "65"]
[EventDate "2017.11.26"]
[WhiteTeam "Turm Illingen I"]
[BlackTeam "Caissa Schwarzenbach I"]

1. e4 e5 2. Nf3 Nc6 3. Bb5 a6 4. Ba4 Nf6 5. O-O Be7 6. Re1 b5 7. Bb3 O-O 8. c3
d6 9. h3 Na5 10. Bc2 c5 11. d4 cxd4 12. cxd4 Qc7 13. b3 Nc6 14. a3 Nxd4 15.
Nxd4 exd4 16. Bb2 Bb7 17. Bxd4 Rac8 18. Nc3 Rfe8 19. Rc1 Qa5 20. Qd3 Qxa3 21.
Nd5 Nxd5 22. exd5 g6 23. Qd2 a5 24. Qf4 Bxd5 25. Kh2 Qb4 26. Bxg6 Qxe1 27.
Bxh7+ Kxh7 28. Rxe1 Be6 29. Rxe6 fxe6 30. Qf7+ Kh6 31. Qg7+ Kh5 32. g4+ Kh4 33.
Qh6# 1-0

[Event "Caissa Schwarzenbach I-Turm Illingen I"]
[Site "Schwarzenbach GER"]
[Date "2017.11.26"]
[Round "5.6"]
[White "Oberhofer, Andre"]
[Black "Keßler, Alexander"]
[Result "1-0"]
[WhiteElo "2280"]
[BlackElo "1815"]
[PlyCount "53"]
[EventDate "2017.11.26"]
[WhiteTeam "Caissa Schwarzenbach I"]
[BlackTeam "Turm Illingen I"]

1. e4 e6 2. d4 d5 3. Nc3 Nf6 4. Bg5 dxe4 5. Nxe4 Be7 6. Bxf6 Bxf6 7. Nf3 O-O 8.
Bc4 b6 9. Qe2 Bb7 10. O-O-O Qe7 11. g4 Nd7 12. g5 Bxe4 13. gxf6 Nxf6 14. Rhg1
Bg6 15. d5 Qc5 16. dxe6 fxe6 17. Rg5 Qe7 18. Ne5 Bh5 19. Rxh5 Nxh5 20. Qxh5 Rf6
21. Rd7 Qc5 22. Qg4 Qf8 23. Bxe6+ Kh8 24. Rf7 Rxf7 25. Nxf7+ Kg8 26. Ne5+ Kh8
27. Ng6+ 1-0

[Event "Caissa Schwarzenbach I-Turm Illingen I"]
[Site "Schwarzenbach GER"]
[Date "2017.11.26"]
[Round "5.7"]
[White "Zimmer, Oliver"]
[Black "Tabatt, Hendrik"]
[Result "0-1"]
[WhiteElo "1971"]
[BlackElo "2318"]
[PlyCount "94"]
[EventDate "2017.11.26"]
[WhiteTeam "Turm Illingen I"]
[BlackTeam "Caissa Schwarzenbach I"]

1. c4 e5 2. Nc3 d6 3. g3 g6 4. d4 exd4 5. Qxd4 Nf6 6. Nd5 Bg7 7. Bg5 Nbd7 8.
Qe3+ Kf8 9. Bh6 c6 10. Nxf6 Qxf6 11. Qd2 Ne5 12. Rc1 Bxh6 13. Qxh6+ Ke7 14. Qf4
Be6 15. b3 d5 16. Qxf6+ Kxf6 17. f4 Ng4 18. Bh3 dxc4 19. Bxg4 Bxg4 20. Rxc4
Rhe8 21. Rc3 Re4 22. h3 Be6 23. Nf3 Re8 24. e3 Bd5 25. Kf2 a5 26. Rd1 Rb4 27.
Nd4 Re4 28. Rd2 Ke7 29. Nc2 Rb6 30. Nd4 Kd6 31. Nf3 f6 32. Rd1 Re8 33. Nd2 Kc7
34. Nc4 Rb5 35. Rd4 Rc5 36. Rcd3 a4 37. Nd2 axb3 38. Nxb3 Rc2+ 39. Rd2 Rxd2+
40. Rxd2 Ra8 41. Nc1 Ra3 42. Rb2 c5 43. Ke2 Kc6 44. Kd2 b5 45. Rc2 f5 46. Nd3
Rxd3+ 47. Kxd3 Be4+ 0-1

[Event "Caissa Schwarzenbach I-Turm Illingen I"]
[Site "Schwarzenbach GER"]
[Date "2017.11.26"]
[Round "5.8"]
[White "Grewenig, Jan"]
[Black "Schuh, Peter"]
[Result "1-0"]
[WhiteElo "2089"]
[BlackElo "1913"]
[PlyCount "121"]
[EventDate "2017.11.26"]
[WhiteTeam "Caissa Schwarzenbach I"]
[BlackTeam "Turm Illingen I"]

1. e4 c5 2. Nf3 Nc6 3. d4 cxd4 4. Nxd4 d6 5. Nc3 Nf6 6. Bg5 Qb6 7. Nb3 Ng4 8.
Qf3 Be6 9. Nd5 Bxd5 10. exd5 Nce5 11. Qe2 Nf6 12. O-O-O O-O-O 13. Be3 Qa6 14.
Qxa6 bxa6 15. Bxa7 Kb7 16. Bd4 Ra8 17. Na5+ Kc7 18. h4 g6 19. Rh3 Bh6+ 20. Kb1
Rhb8 21. Rc3+ Kd7 22. Bxe5 dxe5 23. Nc6 Rb6 24. Nxe5+ Ke8 25. Nc4 Rb7 26. g3
Ne4 27. Rf3 f5 28. c3 Rc7 29. Kc2 Rd8 30. Na5 Rd6 31. Bc4 Nc5 32. Re1 Rb6 33.
Re2 Ne4 34. Rd3 Kf8 35. g4 Nd6 36. Bb3 fxg4 37. Rd4 Nf5 38. Rxg4 Bg7 39. Nc6
Bf6 40. Ree4 Rd7 41. Rgf4 Kg7 42. c4 Kh6 43. Ne5 Rc7 44. Ng4+ Kg7 45. Nxf6 Rxf6
46. Kc3 Nd6 47. Kb4 Nxe4 48. Rxe4 Rxf2 49. Ka5 Rf6 50. Ba4 h6 51. b4 g5 52.
hxg5 hxg5 53. c5 Rf4 54. Rxf4 gxf4 55. c6 f3 56. Bd1 f2 57. Be2 Ra7 58. Kb6 Ra8
59. Kb7 Rh8 60. c7 Kf6 61. c8=Q 1-0

[Event "SG Trier I-SK Altenkirchen I"]
[Site "?"]
[Date "2017.11.26"]
[Round "5.1"]
[White "Brühl, Andreas"]
[Black "Barzen, Pascal"]
[Result "1-0"]
[WhiteElo "2359"]
[BlackElo "2261"]
[PlyCount "77"]
[EventDate "2017.??.??"]
[WhiteTeam "SK Altenkirchen I"]
[BlackTeam "SG Trier I"]

1. d4 Nf6 2. c4 e6 3. g3 Bb4+ 4. Bd2 Be7 5. Bg2 d5 6. Nf3 c6 7. Qc2 O-O 8. O-O
b6 9. Bf4 Ba6 10. Ne5 Nfd7 11. Nxd7 Nxd7 12. Nd2 Nf6 13. Rfd1 c5 14. Qa4 Bb7
15. dxc5 bxc5 16. Nb3 Qe8 17. Qxe8 Raxe8 18. Na5 Ba8 19. Rac1 Rd8 20. cxd5 exd5
21. Nb3 Rc8 22. Be3 c4 23. Nd4 Rfe8 24. Nf5 Bf8 25. Bd4 Ne4 26. Bxa7 c3 27.
Bxe4 Rxe4 28. Bd4 Rxe2 29. Bxc3 Re6 30. Bxg7 Rb8 31. Bxf8 Kxf8 32. Rd2 d4 33.
Nxd4 Re5 34. f3 h5 35. Kf2 Rd5 36. Rcd1 h4 37. Nf5 Rxf5 38. Rd8+ Rxd8 39. Rxd8+
1-0

[Event "SG Trier I-SK Altenkirchen I"]
[Site "?"]
[Date "2017.11.26"]
[Round "5.3"]
[White "Heidorn, Oliver"]
[Black "Carafizi, Vasile"]
[Result "0-1"]
[WhiteElo "2118"]
[BlackElo "2136"]
[PlyCount "70"]
[EventDate "2017.??.??"]
[WhiteTeam "SK Altenkirchen I"]
[BlackTeam "SG Trier I"]

1. d4 Nf6 2. c4 g6 3. Nc3 Bg7 4. e4 d6 5. f3 O-O 6. Be3 Nbd7 7. Qd2 c5 8. Nge2
Re8 9. Bh6 Bh8 10. h4 Qa5 11. d5 Ne5 12. Nf4 a6 13. Be2 Rb8 14. h5 b5 15. hxg6
hxg6 16. cxb5 axb5 17. Bg5 b4 18. Nd1 Nh7 19. Nd3 Nc4 20. Qf4 Nxg5 21. Rxh8+
Kxh8 22. Qxg5 b3+ 23. Kf2 Kg7 24. Nf4 Qd2 25. axb3 Qd4+ 26. Ke1 Rxb3 27. Bxc4
Qxc4 28. Nh5+ Kh7 29. Qh4 Kg8 30. Ra7 Bb7 31. Ng3 Qd4 32. Qg4 Bc8 33. Qh4 Rd3
34. Ra1 Qg1+ 35. Nf1 Qxg2 0-1

[Event "SG Trier I-SK Altenkirchen I"]
[Site "?"]
[Date "2017.11.26"]
[Round "5.4"]
[White "Braun, Matthias"]
[Black "Kaster, Martin"]
[Result "0-1"]
[WhiteElo "2151"]
[BlackElo "2091"]
[PlyCount "162"]
[EventDate "2017.??.??"]
[WhiteTeam "SG Trier I"]
[BlackTeam "SK Altenkirchen I"]

1. e4 d5 2. exd5 Qxd5 3. Nc3 Qd6 4. d4 Nf6 5. Nf3 Bg4 6. h3 Bxf3 7. Qxf3 c6 8.
Bf4 Qd8 9. O-O-O e6 10. g4 Be7 11. Bg2 Nbd7 12. h4 Nd5 13. Bg3 Nxc3 14. Qxc3
Nf6 15. g5 Nd5 16. Qd2 Bb4 17. c3 Bd6 18. c4 Ne7 19. Be5 Bxe5 20. dxe5 Qxd2+
21. Rxd2 Ng6 22. Re1 Nxh4 23. Be4 Ke7 24. Rd6 h6 25. Rg1 hxg5 26. Rxg5 Rac8 27.
Rg3 f5 28. Bc2 g5 29. c5 Ng6 30. Bb3 Nf4 31. Bc4 Rh4 32. Rb3 Rb8 33. Rxc6 Rh1+
34. Kd2 bxc6 35. Rxb8 Rh2 36. Rb7+ Kf8 37. Ke3 Nh3 38. Bxe6 f4+ 39. Ke4 Nxf2+
40. Kf5 Nd3 41. Rb8+ Ke7 42. Rb7+ Kf8 43. b4 f3 44. Bc4 Nb2 45. Bb3 f2 46. Rf7+
Ke8 47. Kxg5 Nd3 48. b5 Nxc5 49. e6 Ne4+ 50. Kg4 Rg2+ 51. Kh4 Rg1 52. Bc4 Nd6
53. Rxf2 Nxc4 54. bxc6 Nd6 55. Rf4 Ke7 56. Ra4 Nc8 57. Rb4 Kxe6 58. Rb8 Rg8 59.
a4 Kd6 60. a5 Kc7 61. Rb5 Kxc6 62. Rf5 Nd6 63. Re5 Re8 64. Rg5 Re4+ 65. Kg3 Ra4
66. Kf3 Nc4 67. Ke2 Rxa5 68. Rg6+ Nd6 69. Kd3 Rc5 70. Rh6 a5 71. Rh7 Kb6 72.
Kd4 Nb5+ 73. Kd3 a4 74. Rh6+ Rc6 75. Rh4 Ka5 76. Rh8 a3 77. Ra8+ Kb4 78. Kd2
Kb3 79. Rb8 Rc5 80. Kd1 a2 81. Ra8 Kb2 0-1

[Event "SG Trier I-SK Altenkirchen I"]
[Site "?"]
[Date "2017.11.26"]
[Round "5.5"]
[White "Schmidt, Reiner"]
[Black "Hein, Ralf"]
[Result "1/2-1/2"]
[WhiteElo "2192"]
[BlackElo "1936"]
[PlyCount "22"]
[EventDate "2017.??.??"]
[WhiteTeam "SK Altenkirchen I"]
[BlackTeam "SG Trier I"]

1. e4 Nf6 2. e5 Nd5 3. d4 d6 4. c4 Nb6 5. exd6 cxd6 6. Nc3 g6 7. Be3 Bg7 8. Rc1
O-O 9. b3 e5 10. Nf3 Bg4 11. d5 Bxf3 1/2-1/2

[Event "SG Trier I-SK Altenkirchen I"]
[Site "?"]
[Date "2017.11.26"]
[Round "5.6"]
[White "Magar, Johannes"]
[Black "Hoffmann, Thomas"]
[Result "0-1"]
[WhiteElo "2094"]
[BlackElo "2032"]
[PlyCount "142"]
[EventDate "2017.??.??"]
[WhiteTeam "SG Trier I"]
[BlackTeam "SK Altenkirchen I"]

1. e4 c5 2. Nf3 e6 3. d3 Nc6 4. g3 d6 5. Bg2 Nf6 6. O-O Be7 7. Re1 O-O 8. Nbd2
Qc7 9. Nf1 b6 10. h4 Bb7 11. c3 Rac8 12. Bh3 Rcd8 13. Qe2 Ba6 14. Bg5 h6 15.
Bxf6 Bxf6 16. Rad1 b5 17. d4 cxd4 18. cxd4 d5 19. e5 Be7 20. a3 Qb6 21. b4 Bb7
22. Qd2 a5 23. Rb1 axb4 24. axb4 Ra8 25. Rb3 Ra4 26. Reb1 Rfa8 27. Ne3 Ra1 28.
Nc2 Rxb1+ 29. Rxb1 Ra4 30. Bf1 Na7 31. Qc3 Qc6 32. Qb3 Nc8 33. Nfe1 Nb6 34. Ra1
Rxa1 35. Nxa1 Nc4 36. Nac2 f6 37. f4 Nd2 38. Qa3 Nxf1 39. Kxf1 Qc4+ 40. Kf2
fxe5 41. fxe5 Qc8 42. Kg2 Qc4 43. Kf2 Bc6 44. Qa6 Kf7 45. Qc8 Be8 46. Qxc4 bxc4
47. Ke3 Ba4 48. Kd2 Kg6 49. Ke3 Kf5 50. Kf3 h5 51. Ne3+ Kg6 52. N1c2 Kh6 53.
Kf2 g5 54. hxg5+ Kxg5 55. Kf3 Kg6 56. Kf2 Bg5 57. Ne1 Bxe3+ 58. Kxe3 Kf5 59.
Kf3 Bd1+ 60. Ke3 Ba4 61. Ng2 c3 62. Nf4 c2 63. Kd2 h4 64. Nxd5 h3 65. Ne3+ Ke4
66. Nf1 Kf3 67. g4 Kxg4 68. d5 exd5 69. Ne3+ Kf3 70. Nf1 d4 71. Nh2+ Kg3 0-1

[Event "SG Trier I-SK Altenkirchen I"]
[Site "?"]
[Date "2017.11.26"]
[Round "5.7"]
[White "Schmerda, Ingo"]
[Black "Scholtes, Benedikt"]
[Result "1/2-1/2"]
[WhiteElo "1880"]
[BlackElo "2048"]
[PlyCount "72"]
[EventDate "2017.??.??"]
[WhiteTeam "SK Altenkirchen I"]
[BlackTeam "SG Trier I"]

1. d4 f5 2. c4 Nf6 3. Nc3 d6 4. Nf3 e6 5. g3 Be7 6. Bg2 O-O 7. O-O Nbd7 8. Qc2
Nb6 9. b3 d5 10. c5 Nbd7 11. Bb2 c6 12. b4 Nh5 13. e3 Qc7 14. Ne5 Nhf6 15. f4
b6 16. Rfc1 Nxe5 17. fxe5 Ng4 18. Re1 bxc5 19. bxc5 Ba6 20. h3 Nh6 21. Ne2 Rab8
22. Nf4 Kf7 23. Bf3 Rb7 24. Rab1 Rfb8 25. Bc3 Bd8 26. Rxb7 Qxb7 27. Be2 g6 28.
Bxa6 Qxa6 29. Rb1 Rb5 30. Rxb5 Qxb5 31. Qb3 a6 32. Qb4 Ke7 33. a4 Qxb4 34. Bxb4
Nf7 35. Kg2 Ng5 36. Be1 Ne4 1/2-1/2

[Event "SG Trier I-SK Altenkirchen I"]
[Site "?"]
[Date "2017.11.26"]
[Round "5.8"]
[White "Sanati, Charlotte"]
[Black "Krumm, Johannes"]
[Result "0-1"]
[WhiteElo "2055"]
[BlackElo "2073"]
[PlyCount "70"]
[EventDate "2017.??.??"]
[WhiteTeam "SG Trier I"]
[BlackTeam "SK Altenkirchen I"]

1. d4 d5 2. c4 c6 3. Nf3 Nf6 4. Nc3 a6 5. e3 b5 6. b3 Bg4 7. Be2 Nbd7 8. O-O
Qb8 9. h3 Bh5 10. cxd5 cxd5 11. Nh4 Bxe2 12. Qxe2 e6 13. Bd2 Be7 14. Rac1 O-O
15. Nf3 Rc8 16. Qd3 Ba3 17. Rc2 Qc7 18. Ne1 Qb7 19. f4 g6 20. Nf3 Ne4 21. Ne5
Ndf6 22. Nb1 Rxc2 23. Qxc2 Rc8 24. Qd3 Nxd2 25. Qxd2 Ne4 26. Qd3 Bc1 27. Re1
Qc7 28. Re2 Ng3 29. Rf2 Nf5 30. g4 Bxe3 31. gxf5 Qc1+ 32. Qf1 Bxf2+ 33. Kxf2
Rc2+ 34. Kg1 Qe3+ 35. Kh1 Rc1 0-1

[Event "OLSW 1718 SG Turm Illingen - SG Trier"]
[Site "?"]
[Date "2017.12.10"]
[Round "6.1"]
[White "Barzen, Pascal"]
[Black "Klein, Joachim"]
[Result "1-0"]
[WhiteElo "2247"]
[BlackElo "2173"]
[PlyCount "77"]
[EventDate "2017.??.??"]

1. e4 c5 2. Nc3 Nc6 3. g3 g6 4. Bg2 Bg7 5. d3 d6 6. f4 Rb8 7. Nf3 Bd7 8. h3 b5
9. O-O b4 10. Ne2 e6 11. d4 cxd4 12. Nexd4 Nge7 13. a3 a5 14. axb4 axb4 15. Be3
Qc7 16. Qd2 O-O 17. Rad1 d5 18. e5 Nxd4 19. Nxd4 Rfc8 20. Rf2 Nc6 21. b3 Bf8
22. g4 Nxd4 23. Bxd4 Bc5 24. f5 Bb5 25. Qf4 Rb7 26. h4 Ra7 27. h5 Bxd4 28. Qxd4
Ra2 29. Qxb4 Qb6 30. fxe6 fxe6 31. Rdd2 Ra1+ 32. Kh2 Qe3 33. Qxb5 Qxe5+ 34. Kh3
gxh5 35. Qb4 Re1 36. Rd3 Qa1 37. gxh5 Kg7 38. Rg3+ Kh6 39. Qf4+ 1-0